| 000 | 00708nam a22002177a 4500 | ||
|---|---|---|---|
| 003 | DO-SdBNP | ||
| 005 | 20210913095113.0 | ||
| 007 | ta | ||
| 008 | 210910e2012 dr ||||fr|||| 001 0dspa d | ||
| 020 | _a9789945140972 | ||
| 040 |
_aDO-SdBNP _bspa _cBNPHU |
||
| 082 | 4 |
_222 _bM843m |
|
| 100 | 1 |
_aMoreno Pérez, Santa Catalina, _d1962- _979839 |
|
| 245 | 1 | 0 |
_aMedio ambiente, derecho fundamental / _bSanta Moreno; Radhamés Jiménez Peña, pról. |
| 260 |
_aSanto Domingo : _bEditora Corripio, _c2012 |
||
| 300 |
_a613 p.; _c23 cm |
||
| 500 | _aIncluye bibliografía y notas al pié de páginas. | ||
| 590 | _aInventariado 2021 / MF | ||
| 700 | 1 | 2 |
_916509 _aJiménez Peña, Radhamés, _d1961- |
| 942 |
_2ddc _cLBS1 |
||
| 999 |
_c50475 _d50475 |
||